El cerebro y el mundo interior: una introducción a la neurociencia de la experiencia subjetiva

Zapisane w:
Opis bibliograficzny
Główni autorzy: Solms, Mark (Autor), Turnbull, Oliver (Autor)
Format: Książka
Język:hiszpański
Wydane: Bogotá Fondo de Cultura Económica 2004
Wydanie:1a. ed
Seria:Psicología, Psiquiatría y Psicoanálisis
Hasła przedmiotowe:
Etykiety: Dodaj etykietę
Nie ma etykietki, Dołącz pierwszą etykiete!

MARC

LEADER 00000nam a2200000 a 4500
001 UCK4810
003 CL-VaPUC
008 050624e20040000CK |||||||||||||||||spa|d
020 |a 9583801011 
082 0 4 |a 612.8  |b SOL  |2 21 
100 0 |a Solms, Mark  |e author  |9 493425 
700 0 |a Turnbull, Oliver  |e author  |9 493426 
245 1 3 |a El cerebro y el mundo interior: una introducción a la neurociencia de la experiencia subjetiva 
250 |a 1a. ed 
300 |a 335 p 
942 |c BK 
945 |d 20050624 00:00:00  |a cmena 
260 |a Bogotá  |b Fondo de Cultura Económica  |c 2004 
650 0 |a Neurociencias  |9 424346 
650 0 |a Conducta humana   |9 269906 
650 0 |a Sistema nervioso  |9 266815 
650 0 |a Cerebro   |9 307262 
650 0 |a Trastornos mentales  |9 307475 
650 0 |a Psicopatología   |9 307473 
650 0 |a Procesos mentales superiores  |9 330839 
583 |a last modification  |c 20160307 01:02:35  |k Rodrigo Vera 
490 0 |a Psicología, Psiquiatría y Psicoanálisis 
999 |c 313554  |d 313552 
952 |0 0  |1 0  |4 0  |6 612_800000000000000_SOL_2004  |7 0  |8 A  |9 384964  |a BIBEDU  |b BIBEDU  |d 2019-11-22  |i 414077K  |o 612.8 SOL 2004  |p 414077K  |r 2019-11-22  |w 2019-11-22  |y BK  |k PSI